000 01139nam a2200241Ii 4500
003 JO-AjNU
008 230605s9999||||xx |||||||||||||| ||und||
017 _a2012/4/1385
020 _a9978-9957-417-37-6
040 _aJO-AjNU
_bara
_erda
_cJO-AjNU
041 _aara
050 1 4 _aHD1698.3 2012
100 3 _aمراجعة وتحرير وتفديم منذر حدادين,
_eauthor
_949910
245 0 0 _aقضايا المياه: عربيا واقليما : وقائع الندوة المشتركة عقدها منتدى الفكر العربي بالتعاون مع مؤسسة عبدالحميد شومان وجامعة البتراء في عمان (21/3-2010/4/1)
250 _aط1
264 3 1 _aعمان: منتدى الفكر العربي، دار ورد الاردنية للنشر والتوزيع، 2012
300 _a266ص
_bيحتوي على ملاحق من ص 251- 266ص
336 _atext
_btxt
_2rdacontent
337 _aunmediated
_bn
_2rdamedia
338 _avolume
_bnc
_2rdacarrier
490 0 _aالمشروع الحضاري العربي،سلسلة الحوارات العربية
650 4 _aالمياه
_949911
999 _aA21952
_c25520
_d25520